000 00746nam a2200253 a 4500
001 58915
003 BD-RjUL
005 20211209080654.0
008 161220s1992 ii b 000 0 eng
035 _a(BD-RjUL)59039
040 _aDLC
_cWAU
_dOCL
_dZCU
_dBD-RjUL
_beng
041 _aeng
082 _223
_a336.5
_bSIP 1962
090 _aHJ233
_b.Si13
100 1 0 _aSiddiqi, S. A.
_q(Selim A.)
_9134333
245 1 0 _aPublic finance in Islam /
_cby S.A. Siddiqi
250 _a2nd ed.
260 _aLahore :
_bSh. Muhammad Ashraf,
_c1992
300 _axvi, 252 p. ;
_c23 cm.
504 _aIncludes bibliography: (p. [244]-252) and index
650 0 _aFinance, Public
_zIslamic countries.
_9134334
942 _2ddc
_cBK
999 _c58915
_d58915